Every City in Idaho on a Map - Statistics

General Stats
  • This quiz has been taken 3,564 times
    1,097 since last reset
  • The average score is 40 of 198
Answers on the Map
Answers color-coded by a green-red scale on the quiz's map according to % correct below.
 
Answer Stats
City Population % Correct
Boise 237,963
99%
Idaho Falls 69,523
84%
Coeur d'Alene 57,355
81%
Nampa 117,350
77%
Twin Falls 55,589
75%
Meridian 139,740
73%
Pocatello 58,231
72%
Moscow 26,894
67%
Lewiston 34,693
59%
Caldwell 73,088
56%
Rexburg 40,695
51%
Eagle 33,451
50%
Post Falls 45,800
49%
Mountain Home 16,912
46%
Sandpoint 10,444
44%
Idaho City 536
41%
Sun Valley 1,771
41%
Salmon 3,257
38%
Bonners Ferry 2,788
37%
Jerome 13,481
37%
Kuna 29,127
36%
American Falls 4,863
35%
Blackfoot 13,224
35%
McCall 4,104
35%
Burley 12,211
34%
Star 18,208
34%
Ketchum 3,609
33%
Garden City 12,936
31%
Hailey 9,976
31%
Preston 6,160
31%
Hayden 16,924
30%
Payette 8,754
30%
Emmett 8,803
29%
Weiser 6,112
29%
Shoshone 1,757
28%
Ammon 20,095
27%
Cascade 1,026
27%
Arco 911
26%
Chubbuck 16,577
26%
Grangeville 3,627
26%
Kellogg 2,441
26%
Rigby 5,683
26%
Wallace 823
26%
Challis 944
25%
Driggs 2,332
25%
Fruitland 7,078
25%
Nezperce 475
25%
Stanley 122
25%
Teton 850
25%
Franklin 1,128
24%
Gooding 3,825
24%
Middleton 11,730
24%
Soda Springs 3,162
24%
Orofino 3,285
23%
Paris 555
23%
Rathdrum 12,626
23%
St. Anthony 4,093
23%
Riggins 394
22%
Rupert 6,343
22%
Buhl 4,761
21%
Athol 738
20%
Glenns Ferry 1,288
20%
Montpelier 2,696
20%
St. Maries 2,487
20%
Homedale 3,147
19%
Island Park 191
19%
Kootenai 1,083
19%
Malad City 2,326
19%
Parma 2,198
19%
Ponderay 2,011
19%
Shelley 5,262
19%
State Line 38
19%
Sugar City 2,395
19%
Victor 2,442
19%
Council 975
18%
Kimberly 5,592
18%
Priest River 1,847
18%
Bellevue 2,582
17%
Hayden Lake 672
17%
Kamiah 1,163
17%
Lava Hot Springs 375
17%
New Meadows 659
17%
Paul 1,722
17%
Plummer 1,125
17%
Ashton 982
16%
Dalton Gardens 2,498
16%
Deary 538
16%
Donnelly 255
16%
Fairfield 484
16%
Hope 107
16%
Lapwai 1,249
16%
Minidoka 84
16%
Moyie Springs 1,225
16%
Mullan 675
16%
Spirit Lake 2,465
16%
Aberdeen 1,856
15%
Dubois 523
15%
Harrison 223
15%
Inkom 843
15%
Iona 3,113
15%
Mackay 480
15%
Marsing 1,245
15%
Oakley 831
15%
Smelterville 705
15%
Troy 942
15%
Wendell 3,032
15%
Clark Fork 576
14%
Clayton 12
14%
Dover 1,137
14%
East Hope 250
14%
Filer 3,040
14%
Grand View 464
14%
Hagerman 991
14%
Hauser 894
14%
Horseshoe Bend 830
14%
Huetter 104
14%
Oldtown 260
14%
White Bird 87
14%
Worley 250
14%
Butte City 86
13%
Carey 703
13%
Cottonwood 921
13%
Eden 406
13%
Fernan Lake Village 160
13%
Heyburn 3,744
13%
Melba 625
13%
Pinehurst 1,784
13%
Wilder 1,725
13%
Albion 257
12%
Bliss 265
12%
Downey 580
12%
Firth 542
12%
Hansen 1,118
12%
Kooskia 556
12%
Malta 178
12%
New Plymouth 1,608
12%
Weippe 414
12%
Cambridge 365
11%
Castleford 226
11%
Declo 363
11%
Dietrich 311
11%
Greenleaf 792
11%
Hazelton 828
11%
Leadore 100
11%
Moore 175
11%
Potlatch 810
11%
Richfield 476
11%
Rockland 263
11%
Tetonia 281
11%
Weston 572
11%
Dayton 539
10%
Genesee 1,103
10%
Mud Lake 359
10%
Pierce 520
10%
Ucon 1,218
10%
Warm River 1
10%
Culdesac 417
9%
Elk River 144
9%
Kendrick 304
9%
Lost River 42
9%
Murtaugh 123
9%
Notus 606
9%
Tensed 96
9%
Winchester 366
9%
Bovill 201
8%
Clifton 461
8%
Craigmont 477
8%
Crouch 179
8%
Hollister 267
8%
Juliaetta 650
8%
McCammon 824
8%
Menan 734
8%
Midvale 218
8%
Osburn 1,678
8%
Ririe 715
8%
Spencer 31
8%
St. Charles 185
8%
Swan Valley 310
8%
Arimo 363
7%
Georgetown 509
7%
Grace 945
7%
Lewisville 446
7%
Onaway 220
7%
Roberts 583
7%
Bancroft 314
6%
Bloomington 214
6%
Drummond 15
6%
Ferdinand 139
6%
Irwin 289
6%
Newdale 332
6%
Placerville 48
6%
Stites 187
6%
Wardner 204
6%
Acequia 136
5%
Basalt 374
5%
Parker 298
5%
Peck 172
5%
Reubens 48
5%
No matching quizzes found
Score Distribution
Percent of People with Each Score
Percentile by Number Answered
Your Score History
You have not taken this quiz since the last reset